000 00626nam a2200265Ia 4500
005 20260306164052.0
008 008 260114s9999 xx 000 0 eng d
020 _a9781399502108
037 _aEBOOK
040 _aCRL
040 _beng
040 _cCRL
041 _2eng
041 _aeng
084 _qCRL
100 _aMalpas
_91129935
245 4 _aThe Fundamental Field: Thought, Poetics, World
260 _bEdinburgh University Press
260 _c2022
650 _aPhilosophy
856 _uhttps://academic.oup.com/book/42674
942 _cEBOOK
999 _c1712619
_d1712619